000 00425nam a2200169Ia 4500
008 090711s9999 xx 000 0 und d
082 _b69500
100 _aइनामदार ना. स.
245 _aराऊ
260 _c1992
300 _a418
600 _aइनामदार ना. स.
630 _aराऊ
700 _aइनामदार ना. स.
730 _aराऊ
942 _cBOOK
999 _c304008
_d304008